| 000 | 00613nam a2200217Ia 4500 | ||
|---|---|---|---|
| 005 | 20230321093631.0 | ||
| 008 | 131103s9999 xx 000 0 und d | ||
| 040 | _aLoreto College | ||
| 041 | _aEnglish | ||
| 082 |
_a822.7 _bHOM |
||
| 100 | _aHome, John | ||
| 245 |
_aDouglas _cJohn Home; edited by Gerald D. Parker |
||
| 260 |
_aEdinburgh _bOliver & Boyd _c1972 |
||
| 300 | _a86p. | ||
| 440 | _aThe Fountainwell Drama Texts; 21 | ||
| 504 | _aIncludes notes,commentary and bibliographical references | ||
| 650 | _aEnglish drama | ||
| 700 | _aParker, Gerald D. ; ed. | ||
| 850 | _aLCLIB | ||
| 942 | _cBK | ||
| 999 |
_c22390 _d72869 |
||